Thu nhập từ dầu khí và cơ hội cho phát triển nông nghiệp Trung Đông /

Gespeichert in:
Bibliographische Detailangaben
1. Verfasser: Bùi Nhật Quang, TS.
Format: Artikel
Sprache:Vietnamese
Schlagworte:
Tags: Tag hinzufügen
Keine Tags, Fügen Sie den ersten Tag hinzu!
Thư viện lưu trữ: Thư viện Trường Đại học Đà Lạt
LEADER 00840nam a2200265 4500
001 DLU110127013
005 ##20111024
040 # # |a DLU  |b vie 
041 # # |a vie 
044 # # |a vn 
100 # # |a Bùi Nhật Quang,   |c TS. 
245 # # |a Thu nhập từ dầu khí và cơ hội cho phát triển nông nghiệp Trung Đông /  |c Bùi Nhật Quang. 
653 # # |a Dầu khí 
653 # # |a Khai thác dầu khí 
653 # # |a Phân bố tài nguyên thiên nhiên 
773 # # |t Tạp chí nghiên cứu Châu Phi và Trung Đông  |g Số 3(43), 2009, tr. 21-27 
920 # # |a Phòng Tạp chí -- Trung tâm Thông tin - Thư viện Trường Đại học Đà Lạt 
994 # # |a DLU 
900 # # |a True 
911 # # |a Nguyễn Thị Linh Chi 
925 # # |a G 
926 # # |a A 
927 # # |a BB 
980 # # |a Thư viện Trường Đại học Đà Lạt